000 00950nam a2200193 a 4500
005 20230524063537.0
008 991125s1912 mx 000 0 spa u
035 _aUPN01000004412
049 _aCE
050 4 _aLB1589 M6
_bC6.2 1912
100 1 _aContreras, Manuel María,
_d1833-1902
_932726
245 1 0 _aAritmética infantil con sus fundamentos según el método objetivo /
_cpor Manuel María Contreras.
250 _a14a ed.
260 _aMéxico :
_bMurguía,
_c1912.
300 _a105 p. :
_bil.
500 _a"Consta de una introducción, que contiene las nociones fundamentales explicadas por el método objetivo, y los procedimientos para ejecutar las primera operaciones con objetos y números y de un texto que trata del sistema de numeración y del cálculo de los números enteros, quebrados y decimales con sus respectivos cuestionarios y problemas"
650 4 _aAritmética
_xEstudio y enseñanza (Elemental)
_95289
905 _aLibro
999 _c4412
_d4412